<?xml version="1.0" encoding="UTF-8"?>
<record
    xmlns:xsi="http://www.w3.org/2001/XMLSchema-instance"
    xsi:schemaLocation="http://www.loc.gov/MARC21/slim http://www.loc.gov/standards/marcxml/schema/MARC21slim.xsd"
    xmlns="http://www.loc.gov/MARC21/slim">

  <leader>02339nam0a22005291  4500</leader>
  <controlfield tag="001">RU\NLR\A1SV\104600</controlfield>
  <controlfield tag="005">20260123095106.0</controlfield>
  <datafield tag="035" ind1=" " ind2=" ">
    <subfield code="a">(NLR Aleph) 009785953</subfield>
  </datafield>
  <datafield tag="090" ind1=" " ind2=" ">
    <subfield code="a">10115650</subfield>
    <subfield code="c">10115650</subfield>
  </datafield>
  <datafield tag="100" ind1=" " ind2=" ">
    <subfield code="a">20100617d1926    u  y0rusy50      ca</subfield>
  </datafield>
  <datafield tag="101" ind1="0" ind2=" ">
    <subfield code="a">rus</subfield>
  </datafield>
  <datafield tag="102" ind1=" " ind2=" ">
    <subfield code="a">RU</subfield>
  </datafield>
  <datafield tag="200" ind1="1" ind2=" ">
    <subfield code="a">&#x41F;&#x440;&#x43E;&#x448;&#x43B;&#x43E;&#x435; &#x438; &#x43D;&#x430;&#x441;&#x442;&#x43E;&#x44F;&#x449;&#x435;&#x435; &#x41A;&#x43E;&#x441;&#x442;&#x440;&#x43E;&#x43C;&#x441;&#x43A;&#x43E;&#x433;&#x43E; &#x43A;&#x440;&#x430;&#x44F;</subfield>
    <subfield code="e">[&#x421;&#x431;. &#x441;&#x442;.]</subfield>
    <subfield code="f">[&#x41A;&#x43E;&#x441;&#x442;&#x440;&#x43E;&#x43C;. &#x433;&#x443;&#x431;. &#x438;&#x441;&#x43F;&#x43E;&#x43B;. &#x43A;&#x43E;&#x43C;</subfield>
    <subfield code="g">&#x41F;&#x440;&#x435;&#x434;&#x438;&#x441;&#x43B;.: &#x418;.&#x427;&#x435;&#x440;&#x43D;&#x44F;&#x434;&#x44C;&#x435;&#x432;]</subfield>
  </datafield>
  <datafield tag="210" ind1=" " ind2=" ">
    <subfield code="a">&#x41A;&#x43E;&#x441;&#x442;&#x440;&#x43E;&#x43C;&#x430;</subfield>
    <subfield code="c">&#x422;&#x438;&#x43F;&#x43E;&#x43B;&#x438;&#x442;. "&#x421;&#x435;&#x432;&#x435;&#x440;. &#x43F;&#x440;&#x430;&#x432;&#x434;&#x430;"</subfield>
    <subfield code="d">1926</subfield>
  </datafield>
  <datafield tag="215" ind1=" " ind2=" ">
    <subfield code="a">[4], 427, [3] &#x441;.</subfield>
    <subfield code="d">17 &#x441;&#x43C;</subfield>
  </datafield>
  <datafield tag="300" ind1=" " ind2=" ">
    <subfield code="a">&#x41A;&#x43E;&#x43B;&#x43B;&#x435;&#x43A;&#x442;&#x438;&#x432; &#x443;&#x43A;&#x430;&#x437;&#x430;&#x43D; &#x43D;&#x430; &#x43E;&#x431;&#x43B;.</subfield>
  </datafield>
  <datafield tag="300" ind1=" " ind2=" ">
    <subfield code="a">&#x418;&#x437; &#x43F;&#x440;&#x435;&#x434;&#x438;&#x441;&#x43B;.: &#x41E;&#x431;&#x449;&#x430;&#x44F; &#x440;&#x435;&#x434;. &#x43F;&#x440;&#x438;&#x43D;&#x430;&#x434;&#x43B;&#x435;&#x436;&#x438;&#x442; &#x43A;&#x43E;&#x43B;&#x43B;&#x435;&#x433;&#x438;&#x438;, &#x432; &#x441;&#x43E;&#x441;&#x442;&#x430;&#x432; &#x43A;&#x43E;&#x442;&#x43E;&#x440;&#x43E;&#x439; &#x432;&#x43E;&#x448;&#x43B;&#x438; &#x442;.&#x442;. &#x410;.&#x412;. &#x412;&#x44B;&#x441;&#x43E;&#x446;&#x43A;&#x438;&#x439;, &#x415;.&#x424;.&#x414;&#x44E;&#x431;&#x44E;&#x43A;, &#x41F;.&#x412;.&#x41A;&#x430;&#x43B;&#x430;&#x447;&#x435;&#x432; [&#x438; &#x434;&#x440;.]</subfield>
  </datafield>
  <datafield tag="327" ind1="0" ind2=" ">
    <subfield code="a">&#x410;&#x432;&#x442;.: &#x410;.&#x420;&#x43E;&#x436;&#x434;&#x435;&#x441;&#x442;&#x432;&#x435;&#x43D;&#x441;&#x43A;&#x438;&#x439;, &#x413;.&#x413;.&#x415;&#x440;&#x435;&#x43C;&#x438;&#x43D;, &#x41C;.&#x412;&#x435;&#x439;&#x434;&#x435;&#x43D;&#x431;&#x430;&#x443;&#x43C;, &#x418;.&#x41E;&#x436;&#x43E;&#x433;&#x438;&#x43D;, &#x410;.&#x428;&#x443;&#x43C;&#x43C;&#x435;&#x440;, &#x412;.&#x421;&#x43C;&#x438;&#x440;&#x43D;&#x43E;&#x432;, &#x424;.&#x420;&#x44F;&#x437;&#x430;&#x43D;&#x43E;&#x432;&#x441;&#x43A;&#x438;&#x439;, &#x410;.&#x412;&#x44B;&#x441;&#x43E;&#x446;&#x43A;&#x438;&#x439;, &#x410;.&#x41A;&#x43E;&#x432;&#x430;&#x43B;&#x44C;&#x43A;&#x43E;&#x432;&#x441;&#x43A;&#x438;&#x439;, &#x415;.&#x414;&#x44E;&#x431;&#x44E;&#x43A; &#x438; &#x434;&#x440;.</subfield>
  </datafield>
  <datafield tag="620" ind1=" " ind2=" ">
    <subfield code="d">&#x41A;&#x43E;&#x441;&#x442;&#x440;&#x43E;&#x43C;&#x430;</subfield>
  </datafield>
  <datafield tag="702" ind1=" " ind2="1">
    <subfield code="a">&#x427;&#x435;&#x440;&#x43D;&#x44F;&#x434;&#x44C;&#x435;&#x432;</subfield>
    <subfield code="b">&#x41D;.</subfield>
  </datafield>
  <datafield tag="702" ind1=" " ind2="1">
    <subfield code="a">&#x41A;&#x430;&#x43B;&#x430;&#x447;&#x435;&#x432;</subfield>
    <subfield code="b">&#x41F;.&#x412;.</subfield>
  </datafield>
  <datafield tag="702" ind1=" " ind2="1">
    <subfield code="a">&#x412;&#x44B;&#x441;&#x43E;&#x446;&#x43A;&#x438;&#x439;</subfield>
    <subfield code="b">&#x410;.&#x412;.</subfield>
    <subfield code="f">1897-</subfield>
    <subfield code="g">&#x410;&#x43D;&#x430;&#x442;&#x43E;&#x43B;&#x438;&#x439; &#x412;&#x430;&#x441;&#x438;&#x43B;&#x44C;&#x435;&#x432;&#x438;&#x447;</subfield>
  </datafield>
  <datafield tag="702" ind1=" " ind2="1">
    <subfield code="a">&#x420;&#x43E;&#x436;&#x434;&#x435;&#x441;&#x442;&#x432;&#x435;&#x43D;&#x441;&#x43A;&#x438;&#x439;</subfield>
    <subfield code="b">&#x410;.</subfield>
  </datafield>
  <datafield tag="702" ind1=" " ind2="1">
    <subfield code="a">&#x415;&#x440;&#x435;&#x43C;&#x438;&#x43D;</subfield>
    <subfield code="b">&#x413;.&#x413;.</subfield>
    <subfield code="f">1892-</subfield>
    <subfield code="g">&#x413;&#x435;&#x43D;&#x43D;&#x430;&#x434;&#x438;&#x439; &#x413;&#x435;&#x43D;&#x43D;&#x430;&#x434;&#x438;&#x435;&#x432;&#x438;&#x447;</subfield>
  </datafield>
  <datafield tag="702" ind1=" " ind2="1">
    <subfield code="a">&#x412;&#x435;&#x439;&#x434;&#x435;&#x43D;&#x431;&#x430;&#x443;&#x43C;</subfield>
    <subfield code="b">&#x41C;.&#x410;.</subfield>
    <subfield code="f">1880-</subfield>
    <subfield code="g">&#x41C;&#x430;&#x43A;&#x441;&#x438;&#x43C;&#x438;&#x43B;&#x438;&#x430;&#x43D; &#x410;&#x434;&#x43E;&#x43B;&#x44C;&#x444;&#x43E;&#x432;&#x438;&#x447;</subfield>
  </datafield>
  <datafield tag="702" ind1=" " ind2="1">
    <subfield code="a">&#x41E;&#x436;&#x43E;&#x433;&#x438;&#x43D;</subfield>
    <subfield code="b">&#x418;.</subfield>
  </datafield>
  <datafield tag="702" ind1=" " ind2="1">
    <subfield code="a">&#x428;&#x443;&#x43C;&#x43C;&#x435;&#x440;</subfield>
    <subfield code="b">&#x410;.&#x410;.</subfield>
    <subfield code="f">1875-</subfield>
    <subfield code="g">&#x410;&#x43B;&#x435;&#x43A;&#x441;&#x430;&#x43D;&#x434;&#x440; &#x410;&#x43B;&#x435;&#x43A;&#x441;&#x435;&#x435;&#x432;&#x438;&#x447;</subfield>
  </datafield>
  <datafield tag="702" ind1=" " ind2="1">
    <subfield code="a">&#x421;&#x43C;&#x438;&#x440;&#x43D;&#x43E;&#x432;</subfield>
    <subfield code="b">&#x412;.</subfield>
  </datafield>
  <datafield tag="702" ind1=" " ind2="1">
    <subfield code="a">&#x420;&#x44F;&#x437;&#x430;&#x43D;&#x43E;&#x432;&#x441;&#x43A;&#x438;&#x439;</subfield>
    <subfield code="b">&#x424;.&#x410;.</subfield>
    <subfield code="f">1887-1935/6</subfield>
    <subfield code="g">&#x424;&#x435;&#x434;&#x43E;&#x440; &#x410;&#x43B;&#x435;&#x43A;&#x441;&#x435;&#x435;&#x432;&#x438;&#x447;</subfield>
  </datafield>
  <datafield tag="702" ind1=" " ind2="1">
    <subfield code="a">&#x41A;&#x43E;&#x432;&#x430;&#x43B;&#x44C;&#x43A;&#x43B;&#x432;&#x441;&#x43A;&#x438;&#x439;</subfield>
    <subfield code="b">&#x410;.</subfield>
  </datafield>
  <datafield tag="702" ind1=" " ind2="1">
    <subfield code="a">&#x414;&#x44E;&#x431;&#x44E;&#x43A;</subfield>
    <subfield code="b">&#x415;.&#x424;.</subfield>
    <subfield code="f">1876-1942</subfield>
    <subfield code="g">&#x415;&#x432;&#x433;&#x435;&#x43D;&#x438;&#x439; &#x424;&#x435;&#x434;&#x43E;&#x440;&#x43E;&#x432;&#x438;&#x447;</subfield>
  </datafield>
  <datafield tag="801" ind1=" " ind2="0">
    <subfield code="a">RU</subfield>
    <subfield code="b">NLR</subfield>
    <subfield code="c">20100617</subfield>
  </datafield>
  <datafield tag="852" ind1=" " ind2=" ">
    <subfield code="a">NLR</subfield>
    <subfield code="j">18.391.8.16</subfield>
  </datafield>
  <datafield tag="852" ind1=" " ind2=" ">
    <subfield code="a">NLR</subfield>
    <subfield code="j">50/146</subfield>
  </datafield>
  <datafield tag="899" ind1=" " ind2=" ">
    <subfield code="a">&#x412;&#x43B;&#x430;&#x434;&#x41E;&#x423;&#x41D;&#x411;</subfield>
  </datafield>
  <datafield tag="899" ind1=" " ind2=" ">
    <subfield code="a">&#x41A;&#x438;&#x440;&#x41E;&#x423;&#x41D;&#x411;</subfield>
  </datafield>
  <datafield tag="899" ind1=" " ind2=" ">
    <subfield code="a">&#x413;&#x418;&#x41C;</subfield>
  </datafield>
  <datafield tag="899" ind1=" " ind2=" ">
    <subfield code="a">&#x413;&#x41F;&#x418;&#x411;</subfield>
  </datafield>
  <datafield tag="899" ind1=" " ind2=" ">
    <subfield code="a">&#x42F;&#x418;&#x410;&#x41C;&#x417;</subfield>
  </datafield>
  <datafield tag="899" ind1=" " ind2=" ">
    <subfield code="a">&#x420;&#x413;&#x411;</subfield>
  </datafield>
  <datafield tag="899" ind1=" " ind2=" ">
    <subfield code="a">&#x421;&#x41F;&#x431;&#x413;&#x423;</subfield>
  </datafield>
  <datafield tag="899" ind1=" " ind2=" ">
    <subfield code="a">&#x41C;&#x413;&#x423;</subfield>
  </datafield>
  <datafield tag="899" ind1=" " ind2=" ">
    <subfield code="a">&#x41A;&#x43E;&#x441;&#x442;&#x41E;&#x423;&#x41D;&#x411;</subfield>
  </datafield>
  <datafield tag="942" ind1=" " ind2=" ">
    <subfield code="c">BOOK</subfield>
  </datafield>
  <datafield tag="980" ind1=" " ind2=" ">
    <subfield code="a">A1SV</subfield>
  </datafield>
  <datafield tag="980" ind1=" " ind2=" ">
    <subfield code="a">NB</subfield>
  </datafield>
  <datafield tag="995" ind1=" " ind2=" ">
    <subfield code="5">2016-05-13</subfield>
    <subfield code="b">NLR02</subfield>
    <subfield code="c">NLR02</subfield>
    <subfield code="e">RFS</subfield>
    <subfield code="f">9785953-10</subfield>
    <subfield code="k">18.391.8.16</subfield>
    <subfield code="o">0</subfield>
    <subfield code="r">BOOK</subfield>
    <subfield code="s">18391816_</subfield>
  </datafield>
</record>
